000 00800nam a2200253Ia 4500
003 OSt
005 20221002045126.0
006 a|||||r|||| 00| 0
007 ta
008 220930b |||||||| |||| 00| 0 eng d
020 _a9780415998024 (hbk)
024 _a26686
037 _bGift, 09/05/2016,
_cReference Collections
040 _aCRL
_cCRL
_beng
041 _2eng
_aeng
082 _aO111:g(Y15)k, N6(RR)
100 _aWallace Elizabeth Kowaleski Ed.
_9387616
245 0 _aEncyclopedia of feminist literary theory
260 _aLondon
_bRoutledge UK
_c1996
300 _axxiii, 449p.
_ccm.
650 _aENGLISH LITERATURE
942 _hO111:g(Y15)k, N6(RR)
_cref
_2CC
999 _c911835
_d911835